Statistiques concernant Focus sur: Barde - Tolkien

Cliquez ici pour prendre le quiz!

Statistiques générales

  • Ce quiz a été pris 23 fois
  • Le résultat moyen est 7 sur 14

Statistiques - réponses

Informations recherchéesRéponses% Correct
Première apparitionLe Hobbit
100%
Couleur des cheveuxNoir
95%
EspèceHomme
90%
Ages durant lequel il vécutTroisième
86%
CitésLacville
81%
Professions et titresRoi du Lac
71%
SurnomL'Archer
62%
Autre traduction du nomBard
38%
FilsBain
29%
Capitaine
24%
ContréeRhovanion
19%
Le Val
10%
Maison (lignée)Bardien
5%
LacLong Lac
0%

Distribution des résultats

Percentile par nombre de réponses

% des personnes avec chaque résultat

Votre développement - résultats

Vous n’avez pas pris ce quiz